00281 a2200133 4500001000700000020000600007040001100013100002600024240003700050245003200087300000800119362000900127440001100136183306 a  cMagnum aOliveira, Fagundes de10aConstelação de idéiaslpor10aConstelação de idéias a2200 a1970 1aRecord